| 000 | 004250000a22001810004500 | ||
|---|---|---|---|
| 003 | MACL | ||
| 005 | 20150902123021.0 | ||
| 008 | 150902b xxu||||| |||| 00| 0 eng d | ||
| 040 |
_aMACL _cMACL |
||
| 041 | _aEnglish | ||
| 082 | _a800/GAN | ||
| 100 |
_aGandhi, M K _98264 |
||
| 245 | _aThe Bhagvadgita | ||
| 260 |
_bOrient Paperbacks _c1989 _aNew Delhi |
||
| 350 | _a35 | ||
| 650 |
_aLiterature _98495 |
||
| 942 |
_cBK _k800 _2ddc |
||
| 999 |
_c5143 _d5143 |
||